000 00620nam a2200241 i 4500
001 C2-0136560
003 PPAK
005 20180727124218.0
008 971213s1993 enka|||| ||||| | eng d
020 _a0140549307
040 _aPPAK
_beng
_cPPAK
_erda
082 0 4 _a597.96
_223
090 0 0 _a597.96
_bLIN
_dR
100 1 _aLinley, Mike,
_eauthor
245 1 0 _aSnakes
264 1 _aLondon :
_bPuffin Books ,
_c1993
300 _a32 pages :
_bcolour illustrations ;
_c27 cm
336 _2rdacontent
_atext
337 _2rdamedia
_aunmediated
338 _2rdacarrier
_avolume
650 1 0 _aSnakes
942 _ddc
_cB
999 _c42915
_d42915